000 00259nam a22001097a 4500
008 170124b xxu||||| |||| 00| 0 eng d
020 _a9780071353977
041 _aeng
080 _23RD
_a618.2
245 _aTRANSCULTURAL NURSING
_cLEININGER, M
942 _2udc
_cBK
999 _c3557
_d3557